Obálka
Pro půjčování e-knih musíte být přihlášeni.
Jak si půjčit online?

Osvobozené divadlo /

Uloženo v:
Korporativní autor: Osvobozené divadlo (1936-1948). Orchestr (Účinkující)
Další autoři: Ježek, Jaroslav, 1906-1942 (Skladatel, Dirigent, Instrumentalista (hráč na hudební nástroje)), Voskovec, Jiří, 1905-1981 (Textař, Zpěvák), Werich, Jan, 1905-1980 (Textař, Zpěvák)
Médium: E-audiokniha
Jazyk:Czech
Vydáno: Praha : Supraphon, 2020
Témata:
Tagy:
Žádné tagy
LEADER 03962njm a2200601 ia4500
001 313605
003 CZ PrSKC
005 20260603062721.0
007 sd fmngnnmmned
008 201201p20201929xr jznng fhi n cze
015 |a cnb003267501 
024 1 |a 099925661120 
028 0 1 |a SU 6611-2  |b Supraphon 
040 |a ABA001  |b cze  |e rda 
041 0 |d cze  |g cze 
072 7 |a 78.011.26  |x Populární hudba. Populární písně. Populární taneční hudba  |2 Konspekt 
080 |a 78.036.9.011.26  |2 MRF 
080 |a 784.7:792  |2 MRF 
080 |a (086.76)  |2 MRF 
245 0 0 |a Osvobozené divadlo /  |c V+W 
264 1 |a Praha :  |b Supraphon,  |c 2020 
300 |a 2 audiodisky (10 hod., 19 min.) ;  |c 12 cm 
306 |a 101900 
336 |a hraná hudba  |b prm  |2 rdacontent 
337 |a audio  |b s  |2 rdamedia 
338 |a audiodisk  |b sd  |2 rdacarrier 
344 |a digital  |b optical  |g mono  |2 rda 
347 |a audio soubor  |b MP3  |2 rda 
500 |a Název z disku 
500 |a Podnázvy na pouzdře: 1929-1938 : doplněná kompletní historie + 22 nikdy nevydaných nahrávek 
500 |a Hudba většinou Jaroslav Ježek ; texty Jiří Voskovec, Jan Werich 
500 |a Fonogramy 1950-2020 Supraphon, Český rozhlas 
500 |a Na CD2 datový soubor s diskografií nahrávek Osvobozeného divadla z let 1929-1938, s podrobným rozpisem nahrávacích frekvencí včetně obsazení orchestru 
500 |a Na CD1 písně z her a filmů: Vest pocket revue, Smoking revue, Gorila ex machina, Kostky jsou vrženy, Premiéra Skafandr, Fata Morgana, Ostrov Dynamit, Sever proti Jihu, Don Juan & comp., Golem, Caesar, Robin zbojník, Svět za mřížemi, Osel a stín, Slaměný klobouk, Kat a blázen, Vždy s úsměvem, Panoptikum, Balada z hadrů, Nebe na zemi, Rub a líc, Panorama, Těžká Barbora, Pěst na oko, Pudr a benzin, Peníze nebo život, Hej rup, U nás v Kocourkově, Svět patří nám ; Na CD2 nahrávky Odeonu, Orchestr Jaroslava Ježka, Duplicitní nahrávky, rarity, Ježek u konkurence, Bonus, snímky Československého rozhlasu 
500 |a Informace o divadle, hudbě a interpretech (78 stran) v pouzdře 
500 |a Technika záznamu AAD 
505 2 0 |t Budete se smát, že nemůžu spát --  |t Dobrodružství bílého slona --  |t Zeměkoule --  |t To záleží na vás --  |t Jackova píseň --  |t Některý den --  |t Tři strážníci --  |t Zasu --  |t Skafandr fox --  |t Bloody Moon rhapsody --  |t Nic není --  |t Tmavomodrý svět --  |t Mercedes  |g (parodie) --  |t Virginia --  |t Já nedělám --  |t Pochod neutrálů --  |t Bugatti step --  |t Don Parola a Don Pandero --  |t Prázdná náruč --  |t Don Juan waltz --  |t Chodidla --  |t Prodám srdce --  |g Prodám srdce (parodie) --  |t Isabel valse --  |t Není dobrodruh jako dobrodruh --  |t Píseň strašlivá o Golemovi --  |t Pochod stoprocentních mužů --  |t Stala se chyba --  |t Nikdy nic nikdo nemá --  |t Polonaisa 
511 0 |a Účinkují Jaroslav Ježek, Jiří Voskovec, Jan Werich a další ; hrají Ježkův orchestr Osvobozeného divadla, řídí Jaroslav Ježek a další orchestry a dirigenti 
518 |o Nahráno  |d 1929-1943 
650 0 7 |a jazz  |7 ph121330  |2 czenas 
650 0 7 |a divadelní písně  |7 ph224331  |2 czenas 
655 7 |a jazz  |7 fd992629  |2 czenas 
655 7 |a divadelní písně  |7 fd1097492  |2 czenas 
655 7 |a kompaktní disky  |7 fd201991  |2 czenas 
700 1 |a Ježek, Jaroslav,  |d 1906-1942  |7 jk01051624  |4 cmp  |4 cnd  |4 itr 
700 1 |a Voskovec, Jiří,  |d 1905-1981  |7 jk01150746  |4 lyr  |4 sng 
700 1 |a Werich, Jan,  |d 1905-1980  |7 jk01151601  |4 lyr  |4 sng 
710 2 |a Osvobozené divadlo (1936-1948).  |b Orchestr  |7 kn20030113032  |4 prf 
900 |a ABA001  |b 18 
044 |a xr 
910 |a RBIT002 
998 |d 426708  |a https://core.palmknihy.cz/api/books/426708/cover?tela89  |b https://core.palmknihy.cz/api/books/426708/cover/400?tela89  |c https://core.palmknihy.cz/api/books/426708/cover/50?tela89  |e 2099-01-01  |i 099925661120  |l 34614  |q 49  |r 1  |s https://www.palmknihy.cz/kniha/426708  |t audiobook  |y 2020  |z 0 
999 |d 313603